| 000 | 00457nam a2200181Ia 4500 | ||
|---|---|---|---|
| 008 | 131103s9999 xx 000 0 und d | ||
| 020 | _a0 602 21517 X | ||
| 040 | _aLoreto College | ||
| 041 | _aEnglish | ||
| 082 |
_a372/ROL _bLCBED/8905 |
||
| 245 | 4 | _aThe role of the primary head | |
| 260 |
_aLondon _bGinn _c1969 |
||
| 300 |
_a58p. _c 21cm. |
||
| 440 | _aAce forum; No.1 | ||
| 650 | _aElementary education | ||
| 850 | _aLCBED/372/ROL | ||
| 942 | _cBK | ||
| 999 |
_c26242 _d76721 |
||